I Am... Tracklist (Nas) - Statistics

General Stats
  • This quiz has been taken 4 times
  • The average score is 11 of 16
Answer Stats
Hint Answer % Correct
1 Album Intro
100%
10 Dr. Knockboot
100%
3 Hate Me Now(feat. Diddy)
100%
13 Nas Is Like
100%
2 N.Y. State Of Mind, Pt. II
100%
12 Big Things
67%
7 Ghetto Prisoners
67%
11 Life Is What You Make(feat. DMX)
67%
4 Small World
67%
16 Undying Love
67%
6 We Will Survive
67%
8 You Won't See Me Tonight(feat. Aaliyah)
67%
9 I Want To Talk To You
33%
14 K-I-SS-I-N-G
33%
15 Money Is My Bitch
33%
5 Favor A Favor(feat. Scarface)
0%
No matching quizzes found
Score Distribution
Percent of People with Each Score
Percentile by Number Answered
Your Score History
You have not taken this quiz